International Journal of Information Technology and Management Research (2012 - (Record no. 268724)
[ view plain ]
| 000 -LEADER | |
|---|---|
| fixed length control field | 00470nam a2200145Ia 4500 |
| 008 - FIXED-LENGTH DATA ELEMENTS--GENERAL INFORMATION | |
| fixed length control field | 240126s9999 xx 000 0 und d |
| 022 ## - INTERNATIONAL STANDARD SERIAL NUMBER | |
| International Standard Serial Number | 0975-2099 |
| 041 ## - LANGUAGE CODE | |
| Language code of text/sound track or separate title | English |
| 245 #0 - TITLE STATEMENT | |
| Title | International Journal of Information Technology and Management Research (2012 - |
| 260 ## - PUBLICATION, DISTRIBUTION, ETC. | |
| Name of publisher, distributor, etc. | Serials Publications |
| Place of publication, distribution, etc. | New Delhi |
| 440 ## - SERIES STATEMENT/ADDED ENTRY--TITLE | |
| Title | NULL |
| 650 ## - SUBJECT ADDED ENTRY--TOPICAL TERM | |
| Topical term or geographic name entry element | Information Science, Management |
| 650 ## - SUBJECT ADDED ENTRY--TOPICAL TERM | |
| Topical term or geographic name entry element | Information,Management,(2012,-,Information Science,Management |
| 942 ## - ADDED ENTRY ELEMENTS (KOHA) | |
| Koha item type | Journals |
| Date last seen | Total checkouts | Accession number | Volume/Issue Number | Price effective from | Category | Lost status | Damaged status | Department | Withdrawn status | Home library | Current library | Shelving location | Entry date | Vendor | Grants | Billdate | Currency symbol | Conversion rate | Discount | Old discount |
|---|---|---|---|---|---|---|---|---|---|---|---|---|---|---|---|---|---|---|---|---|
| 26/01/2024 | JN27049 | 4(2)(Jul-Dec, 2012) | 26/01/2024 | Journals | Central Library | Central Library | Central Library | Surya Infotainment Products Pvt. Ltd. | MBA | 29/04/2014 | RS | 1 |
